| 000 | 00000nam##2200000za#4500 |
| 001 | 9.601044 |
| 003 | CaOODSP |
| 005 | 20230720093655 |
| 007 | cr ||||||||||| |
| 008 | 150406|2007||||xxc|||||o f|0| 0 fre|d |
| 040 | |aCaOODSP|bfre |
| 043 | |an-cn--- |
| 086 | 1 |aYC28-0/391-8F-PDF |
| 110 | 1 |aCanada. |bParlement. |bSénat. |bComité sénatorial permanent des peuples autochtones. |
| 245 | 10|aL'approvisionnement en eau potable sécuritaire pour les Premières nations : |h[ressource électronique]|brapport final / |cL'honorable Gerry St. Germain, C.P., président; L'honorable Nick Sibbeston, vice-président. |
| 260 | |aOttawa - Ontario : |bSénat. |cMai 2007. |
| 300 | |a17p.|btableau |
| 490 | 1 |aRapport du Comité sénatorial permanent des peuples autochtones|v39e législature, 1re session, [8e rapport] |
| 590 | |a11-12-Supp|b2011-07-29 |
| 720 | 1 |aSibbeston, Nick G. |
| 720 | 1 |aSt. Germain, Gerry |
| 775 | 08|tSafe drinking water for First Nations : |w(CaOODSP)9.570299 |
| 830 | #0|aRapport du Comité sénatorial permanent des peuples autochtones ;|v39e législature, 1re session, [8e rapport]|w(CaOODSP)9.501664 |
| 856 | 40|ahttp://publications.gc.ca|qPDF|s177 Ko|uhttps://publications.gc.ca/collections/collection_2011/sen/yc28-0/YC28-0-391-8-fra.pdf|y39e législature, 1re session, [8e rapport] |